书目信息 |
| 题名: |
白夜
|
|
| 作者: | 陀思妥耶夫斯基 著 ;王庚年 译 | |
| 分册: | ||
| 出版信息: | 桂林 漓江出版社 1981 |
|
| 页数: | 180页 | |
| 开本: | 18cm | |
| 丛书名: | ||
| 单 册: | ||
| 中图分类: | I512.44 , I512.4 | |
| 科图分类: | ||
| 主题词: | 中篇小说--苏联--近代 | |
| 电子资源: | ||
| ISBN: | ||
| 000 | 00735nam0 2200241 450 | |
| 001 | 1553751575 | |
| 005 | 20150126143001.12 | |
| 010 | @dCNY0.51 | |
| 091 | @a10256.1 | |
| 100 | @a19950424d1981 em y0chiy0110 ea | |
| 101 | 1 | @achi@crus |
| 102 | @aCN@b450000 | |
| 105 | @af z 000ay | |
| 200 | 1 | @a白夜@9bai ye@f(俄)陀思妥耶夫斯基著@g王庚年译 |
| 210 | @a桂林@c漓江出版社@d1981 | |
| 215 | @a180页@c插图@d18cm | |
| 606 | 0 | @a中篇小说@y苏联@z近代 |
| 690 | @aI512.44@v5 | |
| 690 | @aI512.4@v4 | |
| 701 | 1 | @c(俄)@a陀思妥耶夫斯基@9tuo si tuo ye fu si ji@c(Достоевский, Федор Михайлович@f1821~1881)@4著 |
| 702 | 0 | @a王庚年@9wang geng nian@4译 |
| 801 | 0 | @aCN@bTSSF@c20150126 |
| 905 | @aZUCC@dI512.4@eJY111 | |
| 白夜/(俄)陀思妥耶夫斯基著/王庚年译.-桂林:漓江出版社,1981 |
| 180页:插图;18cm |
| ISBN :CNY0.51 |
| ● |
| 相关链接 |
|
|
|
|
正题名:白夜
索取号:I512.4/JY111
 
预约/预借
| 序号 | 登录号 | 条形码 | 馆藏地/架位号 | 状态 | 备注 |
| 1 | 7839277 | 278392776 | 学院路分馆/ [索取号:I512.4/JY111] | 在馆 | |
| 2 | 7850056 | 278500560 | 学院路分馆/ [索取号:I512.4/JY111] | 在馆 | |
| 3 | 7850057 | 278500579 | 学院路分馆/ [索取号:I512.4/JY111] | 在馆 |